00610nam a2200145 a 4500003000400000005001700004008004100021020001800062050002500080100002800105245003300133260004600166520023900212650001300451OSt20140426091730.0110124s19uu xx 00 eng d a9780759529434 aPZ 7b.M57188Tw 2005 aMeyer, Stephenie, 1973- aTwilight /cStephenie Meyer. aNew York :bLittle, Brown and Co.,c2005. aWhen seventeen-year-old Bella leaves Phoenix to live with her father in Forks, Washington, she meets an exquisitely handsome boy at school for whom she feels an overwhelming attraction and who she comes to realize is not wholly human. aVampires